000 01152nam a22002657a 4500
005 2009080405165.0
008 090728t xxu||||| |||| 00| 0 pun d
010 _aPUN-7491
020 _c135.00
_a9788182992634
035 _aPN-6609
037 _bDBAD / PUB/Arsee Publishers
040 _adpl
_bPN
082 _a854
100 _937323
_aਕਾਂਗ, ਕੁਲਬੀਰ ਸਿੰਘ
245 _aਚੋਣਵੇੰ ਲਲਿਤ ਨਿਬੰਧ /
_cਕੁਲਬੀਰ ਸਿੰਘ ਕਾਂਗ, ਚੰਦਰ ਮੋਹਨੀ ਭਾਟੀਆ ਦ੍ਵਾਰਾ ਸੰਪਾਦਿਤ
246 _aKulbir Singh Kaang de Chonevn lalit nibandh
_bby Kulbir Singh Kang
260 _aDelhi
_bArsee Publishers
_c2012
270 _bChandni Chonk
_aDelhi
_k23280657
_e110006
300 _a86ਪਂ;
_b22ਸੇਂਮੀ(ਸਜਿਲਦ)
650 _937324
650 _937325
700 _953424
_aਚੰਦਰ ਮੋਹਨੀ ਭਾਟੀਆ
942 _2ddc
_cPN
_h854
_mਕਾਂਗਕੁ
999 _c71668
_d71668